000 00243nam a2200109Ia 4500
008 260210s9999 xx 000 0 und d
020 _a9789881296726
100 _aDMPL
245 0 _aUrban Streetscape Design
260 _bDMPL
942 _cBPLAN
999 _c14230
_d14230